[Event "ASIAN CITIES CHESS CHAMPIONSHIP 2015"]
[Site "Citrus Hotel , Waskaduwa, Sri Lanka"]
[Date "2015.07.22"]
[Round "1"]
[Board "1"]
[White "Alahakoon, Isuru"]
[Black "Himanshu, Sharma"]
[Result "0-1"]
[WhiteElo "2054"]
[BlackElo "2410"]
[PlyCount "75"]
[EventDate "2015.07.22"]
[EventType "team"]
[EventRounds "9"]
[EventCountry "SRI"]
[WhiteTeam "Kandy, Sri Lanka"]
[BlackTeam "Bangalore, India"]

1. d4 Nf6 2. c4 e6 3. Nf3 d5 4. cxd5 exd5 5. Nc3 c6 6. Qc2 Be7 7. Bg5 Nbd7 8.
e3 Nh5 9. Bxe7 Qxe7 10. Be2 g6 11. Rc1 O-O 12. g4 Ng7 13. h4 Nb6 14. Ne5 f6 15.
Nd3 Nc4 16. Nf4 Nd6 17. h5 g5 18. h6 Ne6 19. Nh5 Bd7 20. O-O Be8 21. Ng3 Bg6
22. Bd3 Bxd3 23. Qxd3 Rae8 24. Nf5 Qd7 25. Nxd6 Qxd6 26. Ne2 f5 27. gxf5 Nd8
28. Kg2 Nf7 29. Ng3 Nxh6 30. Rh1 Qf6 31. Rh5 Nxf5 32. Rch1 Re7 33. Nxf5 Qxf5
34. Qxf5 Rxf5 35. f4 Ref7 36. Rxg5+ Rxg5+ 37. fxg5 Rf5 38. Rh5 0-1

[Event "ASIAN CITIES CHESS CHAMPIONSHIP 2015"]
[Site "Citrus Hotel , Waskaduwa, Sri Lanka"]
[Date "2015.07.22"]
[Round "1"]
[Board "2"]
[White "Stany, G.A."]
[Black "Peiris, T S S"]
[Result "1-0"]
[WhiteElo "2380"]
[BlackElo "2022"]
[PlyCount "71"]
[EventDate "2015.07.22"]
[EventType "team"]
[EventRounds "9"]
[EventCountry "SRI"]
[WhiteTeam "Bangalore, India"]
[BlackTeam "Kandy, Sri Lanka"]

1. e4 e6 2. d4 d5 3. e5 c5 4. c3 Qb6 5. Nf3 Nc6 6. a3 Bd7 7. b4 cxb4 8. cxb4 a5
9. b5 Nce7 10. a4 Nf5 11. Ba3 Bxa3 12. Nxa3 Ngh6 13. Nc2 O-O 14. Bd3 Rac8 15.
O-O Rc6 16. h3 Rfc8 17. Ne3 Qd8 18. Qd2 b6 19. g4 Nh4 20. Nxh4 Qxh4 21. Rfc1
R6c7 22. Rxc7 Rxc7 23. Rc1 Qd8 24. Rxc7 Qxc7 25. g5 Nf5 26. Bxf5 exf5 27. Nxd5
Qb7 28. Nc3 f4 29. Qxf4 Bxh3 30. d5 Qc8 31. Ne4 Qc2 32. Qe3 Qd1+ 33. Kh2 Bd7
34. Qxb6 Qh5+ 35. Kg1 Qd1+ 36. Kg2 1-0

[Event "ASIAN CITIES CHESS CHAMPIONSHIP 2015"]
[Site "Citrus Hotel , Waskaduwa, Sri Lanka"]
[Date "2015.07.22"]
[Round "1"]
[Board "3"]
[White "Doluweera, Minul Sanjula"]
[Black "Sanjay, N."]
[Result "0-1"]
[WhiteElo "2042"]
[BlackElo "2342"]
[PlyCount "60"]
[EventDate "2015.07.22"]
[EventType "team"]
[EventRounds "9"]
[EventCountry "SRI"]
[WhiteTeam "Kandy, Sri Lanka"]
[BlackTeam "Bangalore, India"]

1. c4 Nf6 2. Nc3 g6 3. Nf3 Bg7 4. g3 O-O 5. Bg2 d5 6. cxd5 Nxd5 7. O-O c5 8.
Nxd5 Qxd5 9. d3 Qd6 10. Nd2 Qc7 11. Nc4 Nc6 12. Bf4 e5 13. Bd2 Be6 14. Bc3 b5
15. Ne3 Rad8 16. f4 b4 17. Bxe5 Nxe5 18. fxe5 Qxe5 19. Nc2 Qxb2 20. Kh1 Bxa2
21. Qc1 b3 22. Na3 Qxa1 23. Qxa1 Bxa1 24. Rxa1 Rd4 25. Rf1 b2 26. Nb1 Bxb1 27.
Rxb1 Rb8 28. Be4 Rxe4 29. dxe4 c4 30. Kg2 c3 0-1

[Event "ASIAN CITIES CHESS CHAMPIONSHIP 2015"]
[Site "Citrus Hotel , Waskaduwa, Sri Lanka"]
[Date "2015.07.22"]
[Round "1"]
[Board "4"]
[White "Satvik, M."]
[Black "Subasinghe, K R V R"]
[Result "1/2-1/2"]
[WhiteElo "1922"]
[BlackElo "1874"]
[PlyCount "108"]
[EventDate "2015.07.22"]
[EventType "team"]
[EventRounds "9"]
[EventCountry "SRI"]
[WhiteTeam "Bangalore, India"]
[BlackTeam "Kandy, Sri Lanka"]

1. d4 d5 2. Nf3 Nf6 3. c4 c6 4. Qc2 e6 5. cxd5 exd5 6. Bg5 Nbd7 7. Nc3 Bd6 8.
e3 O-O 9. Bd3 h6 10. Bh4 Qc7 11. O-O Ng4 12. Bg3 Bxg3 13. hxg3 Qd8 14. b4 Ngf6
15. a4 Re8 16. Rfd1 Nf8 17. b5 Bg4 18. bxc6 bxc6 19. Na2 Qd6 20. Rdc1 Bxf3 21.
gxf3 Rac8 22. Qc5 Qxc5 23. Rxc5 Ne6 24. Ra5 Rc7 25. Nb4 Kf8 26. Rc1 Rec8 27.
Na6 Re7 28. Bf5 Nd7 29. Rxd5 cxd5 30. Rxc8+ Re8 31. Rxe8+ Kxe8 32. Nb4 Nc7 33.
Kf1 Nb6 34. a5 Nc4 35. a6 Nd6 36. Bc2 Nc4 37. Ke2 Kd7 38. Bb3 Nb6 39. Kd3 Kd6
40. e4 dxe4+ 41. fxe4 f6 42. f4 g5 43. e5+ fxe5 44. fxe5+ Kd7 45. Ke4 Nb5 46.
d5 Nc3+ 47. Kd3 Nb5 48. Nc6 Nc7 49. e6+ Kd6 50. Ke4 Nxa6 51. e7 Nc7 52. Kf5 a5
53. Nxa5 Kxe7 54. Kg6 Nbxd5 {Poor Recording} 1/2-1/2

[Event "ASIAN CITIES CHESS CHAMPIONSHIP 2015"]
[Site "Citrus Hotel , Waskaduwa, Sri Lanka"]
[Date "2015.07.22"]
[Round "1"]
[Board "1"]
[White "Abdyjapar, Asyl"]
[Black "Al-Takrori, Husam"]
[Result "1-0"]
[WhiteElo "2390"]
[BlackElo "2071"]
[PlyCount "50"]
[EventDate "2015.07.22"]
[EventType "team"]
[EventRounds "9"]
[EventCountry "SRI"]
[WhiteTeam "Bishkek City, Kyrgyzstan"]
[BlackTeam "Jeruselam, Palestine"]

1. d4 d5 2. c4 e6 3. Nc3 f5 4. Nf3 c6 5. g3 Bd6 6. Bg2 Nf6 7. O-O O-O 8. Qc2
Nbd7 9. Rb1 Qe7 10. a3 a5 11. Rd1 Ne4 12. b4 axb4 13. axb4 Nxc3 14. Qxc3 b5 15.
Bg5 Nf6 16. cxb5 cxb5 17. Ne5 Bd7 18. Bxf6 gxf6 19. Nd3 Ra4 20. e3 Rfa8 21. Bf1
h5 22. Nc5 Ra3 23. Rb3 Ra2 24. Nxd7 Qxd7 25. Rc1 h4 {Poor Recording} 1-0

[Event "ASIAN CITIES CHESS CHAMPIONSHIP 2015"]
[Site "Citrus Hotel , Waskaduwa, Sri Lanka"]
[Date "2015.07.22"]
[Round "1"]
[Board "2"]
[White "Ahmad, E. Al-Azzah"]
[Black "Isaev, Chingys"]
[Result "0-1"]
[WhiteElo "1963"]
[BlackElo "2173"]
[PlyCount "65"]
[EventDate "2015.07.22"]
[EventType "team"]
[EventRounds "9"]
[EventCountry "SRI"]
[WhiteTeam "Jeruselam, Palestine"]
[BlackTeam "Bishkek City, Kyrgyzstan"]

1. d3 d5 2. f4 Nf6 3. Nf3 g6 4. g3 Bg7 5. Bg2 O-O 6. c3 b6 7. O-O Bb7 8. Qc2
Nbd7 9. Ne5 c5 10. Nxd7 Qxd7 11. e4 dxe4 12. dxe4 e5 13. f5 Rad8 14. Bg5 Ba6
15. Re1 Bd3 16. Qf2 h6 17. Bxf6 Bxf6 18. Bf1 Qc6 19. Bxd3 Rxd3 20. Na3 Rfd8 21.
Nc4 Kg7 22. fxg6 fxg6 23. Rf1 Qe6 24. Rae1 Bg5 25. h4 Bxh4 26. Qf7+ Qxf7 27.
Rxf7+ Kxf7 28. Nxe5+ Ke6 29. Nxd3 Bxg3 30. Rd1 Rd7 31. Kg2 c4 32. Kxg3 Rxd3+
33. Rxd3 0-1

[Event "ASIAN CITIES CHESS CHAMPIONSHIP 2015"]
[Site "Citrus Hotel , Waskaduwa, Sri Lanka"]
[Date "2015.07.22"]
[Round "1"]
[Board "3"]
[White "Taalaibekov, Tagir"]
[Black "Tamra, Attallah"]
[Result "1-0"]
[WhiteElo "2193"]
[BlackElo "2053"]
[PlyCount "22"]
[EventDate "2015.07.22"]
[EventType "team"]
[EventRounds "9"]
[EventCountry "SRI"]
[WhiteTeam "Bishkek City, Kyrgyzstan"]
[BlackTeam "Jeruselam, Palestine"]

1. d4 Nf6 2. Nf3 e6 3. c4 Bb4+ 4. Bd2 Qe7 5. Qb3 Bxd2+ 6. Nbxd2 Nc6 7. e4 d6 8.
Bd3 e5 9. d5 Nb8 10. Qc3 a5 11. c5 O-O {Poor Recording} 1-0

[Event "ASIAN CITIES CHESS CHAMPIONSHIP 2015"]
[Site "Citrus Hotel , Waskaduwa, Sri Lanka"]
[Date "2015.07.22"]
[Round "1"]
[Board "4"]
[White "Dodean, Mahmood"]
[Black "Mamatov, Melis"]
[Result "0-1"]
[WhiteElo "1837"]
[BlackElo "2093"]
[PlyCount "29"]
[EventDate "2015.07.22"]
[EventType "team"]
[EventRounds "9"]
[EventCountry "SRI"]
[WhiteTeam "Jeruselam, Palestine"]
[BlackTeam "Bishkek City, Kyrgyzstan"]

1. d4 f5 2. Bf4 Nf6 3. h3 g6 4. e3 Bg7 5. Nd2 b6 6. Ngf3 Bb7 7. Be2 O-O 8. O-O
d6 9. c3 h6 10. Bh2 Ne4 11. Nh4 Qe8 12. Qb3+ Kh7 13. Qd1 e5 14. dxe5 dxe5 15.
Nhf3 {Poor Recording} 0-1

[Event "ASIAN CITIES CHESS CHAMPIONSHIP 2015"]
[Site "Citrus Hotel , Waskaduwa, Sri Lanka"]
[Date "2015.07.22"]
[Round "1"]
[Board "2"]
[White "Xu, Zhihang"]
[Black "Sanjid, Latheef"]
[Result "1/2-1/2"]
[WhiteElo "2234"]
[BlackElo "1922"]
[PlyCount "62"]
[EventDate "2015.07.22"]
[EventType "team"]
[EventRounds "9"]
[EventCountry "SRI"]
[WhiteTeam "Qingdao, China"]
[BlackTeam "Calicut, India"]

1. Nf3 g6 2. c4 Bg7 3. g3 e5 4. Nc3 Nc6 5. Bg2 Nge7 6. O-O d6 7. Ne1 Bg4 8. Nc2
Qd7 9. Nd5 Nxd5 10. cxd5 Nd4 11. f3 Bh3 12. Bxh3 Qxh3 13. Nxd4 exd4 14. Qc2
O-O-O 15. e4 h5 16. d3 Kb8 17. a4 Rc8 18. Bf4 h4 19. g4 f5 20. Qg2 Qxg2+ 21.
Kxg2 Bf6 22. exf5 h3+ 23. Kh1 gxf5 24. Rae1 Bh4 25. Re6 fxg4 26. fxg4 Rhg8 27.
Rg1 Bf2 28. Rf1 Bh4 29. Rg1 Bf2 30. Rf1 Bh4 31. Rg1 Bf2 1/2-1/2

[Event "ASIAN CITIES CHESS CHAMPIONSHIP 2015"]
[Site "Citrus Hotel , Waskaduwa, Sri Lanka"]
[Date "2015.07.22"]
[Round "1"]
[Board "3"]
[White "Mohammed, Dilshad"]
[Black "Zhou, Jiangnan"]
[Result "0-1"]
[WhiteElo "1961"]
[BlackElo "2099"]
[PlyCount "72"]
[EventDate "2015.07.22"]
[EventType "team"]
[EventRounds "9"]
[EventCountry "SRI"]
[WhiteTeam "Calicut, India"]
[BlackTeam "Qingdao, China"]

1. d4 Nf6 2. Bg5 Ne4 3. Bf4 d5 4. e3 c5 5. c3 Qb6 6. Qb3 c4 7. Qxb6 axb6 8. Nf3
b5 9. a3 Nc6 10. Nbd2 Nxd2 11. Nxd2 b4 12. cxb4 Nxb4 13. Rc1 Nc6 14. Be2 g6 15.
Bf3 e6 16. O-O Be7 17. Rfe1 f5 18. h3 O-O 19. Nb1 Bd7 20. Nc3 Kg7 21. g4 fxg4
22. Bxg4 h5 23. Bd1 Rf7 24. Bg3 Kh6 25. e4 Bg5 26. Ra1 Nxd4 27. exd5 exd5 28.
Nxd5 Bc6 29. Nc7 Raf8 30. Ne6 Re8 31. Bg4 Rfe7 32. f4 Bf6 33. Nxd4 Bxd4+ 34.
Kf1 Rxe1+ 35. Bxe1 hxg4 36. hxg4 Bxb2 0-1

[Event "ASIAN CITIES CHESS CHAMPIONSHIP 2015"]
[Site "Citrus Hotel , Waskaduwa, Sri Lanka"]
[Date "2015.07.22"]
[Round "1"]
[Board "4"]
[White "Li, Wenxiang"]
[Black "Arjun, K"]
[Result "1-0"]
[WhiteElo "1882"]
[BlackElo "2035"]
[PlyCount "53"]
[EventDate "2015.07.22"]
[EventType "team"]
[EventRounds "9"]
[EventCountry "SRI"]
[WhiteTeam "Qingdao, China"]
[BlackTeam "Calicut, India"]

1. d4 Nf6 2. c4 e6 3. Nc3 Bb4 4. Qc2 c5 5. dxc5 Na6 6. a3 Qa5 7. Bd2 Bxc3 8.
Bxc3 Qxc5 9. e3 b6 10. Nf3 Bb7 11. b4 Qc7 12. Qb2 Ke7 13. Be2 d6 14. O-O e5 15.
c5 bxc5 16. Bxa6 Bxa6 17. bxc5 Qxc5 18. Bb4 Rab8 19. Rac1 Qb5 20. Rfd1 Rb6 21.
Nxe5 Rhb8 22. Nc4 Ke6 23. Nxb6 Rxb6 24. Qd4 d5 25. f4 Nd7 26. e4 dxe4 27. Qxg7
 1-0

[Event "ASIAN CITIES CHESS CHAMPIONSHIP 2015"]
[Site "Citrus Hotel , Waskaduwa, Sri Lanka"]
[Date "2015.07.22"]
[Round "1"]
[Board "1"]
[White "Battulga, Namkhai"]
[Black "Maqseed, Nasser"]
[Result "1-0"]
[WhiteElo "2387"]
[BlackElo "1932"]
[PlyCount "57"]
[EventDate "2015.07.22"]
[EventType "team"]
[EventRounds "9"]
[EventCountry "SRI"]
[WhiteTeam "Erdenet, Mongolia"]
[BlackTeam "Kuwait City, Kuwait"]

1. e4 c5 2. Nf3 Nc6 3. d4 cxd4 4. Nxd4 g6 5. c4 Nf6 6. Nc3 Nxd4 7. Qxd4 d6 8.
Be3 Bg7 9. Be2 O-O 10. Qd2 a5 11. O-O a4 12. Rab1 Qa5 13. b4 axb3 14. axb3 Qb4
15. Qd3 Bd7 16. Bd2 Qb6 17. b4 Ra3 18. Bc1 Raa8 19. Be3 Qc7 20. Bd4 Ra3 21. Qd2
e6 22. Rfd1 Rfa8 23. Rbc1 Bc6 24. b5 Be8 25. Bf1 Qe7 26. f3 Qf8 27. Rc2 Nd7 28.
Bxg7 Kxg7 29. Nb1 {Poor Recording} 1-0

[Event "ASIAN CITIES CHESS CHAMPIONSHIP 2015"]
[Site "Citrus Hotel , Waskaduwa, Sri Lanka"]
[Date "2015.07.22"]
[Round "1"]
[Board "2"]
[White "Al Ibrahim, Abdulrahman"]
[Black "Bilegsaikhan, Oyunbold"]
[Result "1/2-1/2"]
[WhiteElo "1719"]
[BlackElo "2036"]
[PlyCount "121"]
[EventDate "2015.07.22"]
[EventType "team"]
[EventRounds "9"]
[EventCountry "SRI"]
[WhiteTeam "Kuwait City, Kuwait"]
[BlackTeam "Erdenet, Mongolia"]

1. e4 d5 2. exd5 Qxd5 3. Nc3 Qd6 4. Bc4 Nf6 5. Nf3 a6 6. Qe2 b5 7. Ne4 Nxe4 8.
Qxe4 c6 9. Bb3 Nd7 10. Ng5 e6 11. d4 Nf6 12. Qf3 Bb7 13. c3 Be7 14. O-O Qd7 15.
Qe3 c5 16. dxc5 Qc6 17. Nf3 h6 18. a4 Bxc5 19. axb5 axb5 20. Rxa8+ Bxa8 21. Qe2
O-O 22. Be3 Bd6 23. Rd1 Ng4 24. h3 Ne5 25. Ne1 Nc4 26. Bxc4 bxc4 27. Rd4 Rc8
28. Qf3 Qb5 29. Qd1 Bc7 30. Qe2 Bd5 31. Rd2 Rb8 32. g3 Ba8 33. Ng2 Qc6 34. f4
Qe4 35. Ba7 Rc8 36. Qxe4 Bxe4 37. Rd4 Bd3 38. Ne3 e5 39. Rd7 exf4 40. Nd5 Bd8
41. Nxf4 Bf5 42. Rd5 Be4 43. Rd4 f5 44. Rd7 Bf6 45. Nd5 Bxd5 46. Rxd5 Rc7 47.
Bc5 g6 48. Kf2 Kf7 49. Bb4 Ke6 50. Rd2 Be5 51. Kf3 h5 52. h4 Rd7 53. Rxd7 Kxd7
54. Bc5 Kc6 55. Bd4 Bd6 56. Be3 Kb5 57. Bf4 Bf8 58. Ke3 Bc5+ 59. Ke2 Ka4 60.
Kd1 Kb3 61. Kc1 {Poor Recording} 1/2-1/2

[Event "ASIAN CITIES CHESS CHAMPIONSHIP 2015"]
[Site "Citrus Hotel , Waskaduwa, Sri Lanka"]
[Date "2015.07.22"]
[Round "1"]
[Board "3"]
[White "Ganbold, Choidog"]
[Black "Alhajiri, Bader"]
[Result "0-1"]
[WhiteElo "2157"]
[BlackElo "2231"]
[PlyCount "86"]
[EventDate "2015.07.22"]
[EventType "team"]
[EventRounds "9"]
[EventCountry "SRI"]
[WhiteTeam "Erdenet, Mongolia"]
[BlackTeam "Kuwait City, Kuwait"]

1. d4 d5 2. c4 e6 3. Nc3 Nf6 4. Bg5 Nbd7 5. cxd5 exd5 6. e3 c6 7. Bd3 Bd6 8.
Nge2 O-O 9. Bf4 Qe7 10. O-O Re8 11. Bxd6 Qxd6 12. Ng3 Nf8 13. Qc2 Ng4 14. Rfe1
Re6 15. e4 dxe4 16. Ncxe4 Qxd4 17. Bc4 Rh6 18. Rad1 Qb6 19. Ng5 Be6 20. Bxe6
Nxe6 21. Nxe6 Rxe6 22. Rxe6 fxe6 23. h3 Nf6 24. b3 Rf8 25. Re1 Re8 26. Ne4 Qd4
27. Qc5 Qxc5 28. Nxc5 b6 29. Nxe6 Nd5 30. Kf1 Nb4 31. Nd4 Rxe1+ 32. Kxe1 c5 33.
Nb5 Nxa2 34. Nxa7 Nc1 35. Nc8 b5 36. Nd6 b4 37. Kd2 Nxb3+ 38. Kd3 Na5 39. Ne4
c4+ 40. Kd4 c3 41. Kd3 Nb3 42. Kc2 Nd4+ 43. Kd3 c2 0-1

[Event "ASIAN CITIES CHESS CHAMPIONSHIP 2015"]
[Site "Citrus Hotel , Waskaduwa, Sri Lanka"]
[Date "2015.07.22"]
[Round "1"]
[Board "4"]
[White "Alkhaldi, Bader"]
[Black "Turbat, Shagdarsuren"]
[Result "1-0"]
[WhiteElo "1970"]
[BlackElo "1996"]
[PlyCount "73"]
[EventDate "2015.07.22"]
[EventType "team"]
[EventRounds "9"]
[EventCountry "SRI"]
[WhiteTeam "Kuwait City, Kuwait"]
[BlackTeam "Erdenet, Mongolia"]

1. e4 e6 2. d4 d5 3. Nd2 Nf6 4. e5 Nfd7 5. Bd3 c5 6. c3 Nc6 7. Ngf3 Qb6 8. O-O
cxd4 9. cxd4 Nxd4 10. Nxd4 Qxd4 11. Nf3 Qg4 12. h3 Qb4 13. a3 Qb6 14. Qa4 Be7
15. Be3 Qd8 16. Qg4 Kf8 17. Rac1 h5 18. Qf4 Kg8 19. Rc2 b6 20. b4 Bb7 21. Rfc1
Rc8 22. Rxc8 Bxc8 23. Nd4 Bb7 24. Nxe6 fxe6 25. Bg6 Qf8 26. Rc7 Qxf4 27. Bxf4
Nf8 28. Bd3 g6 29. Rxb7 Rh7 30. Rxa7 Rf7 31. Be3 Kg7 32. Bxb6 Bg5 33. Rxf7+
Kxf7 34. Bb5 Be7 35. a4 Bxb4 36. a5 Bc3 37. a6 1-0

[Event "ASIAN CITIES CHESS CHAMPIONSHIP 2015"]
[Site "Citrus Hotel , Waskaduwa, Sri Lanka"]
[Date "2015.07.22"]
[Round "1"]
[Board "1"]
[White "Sultan, Ibrahim"]
[Black "Sabri, Mohd Saprin"]
[Result "0-1"]
[WhiteElo "2040"]
[BlackElo "2089"]
[PlyCount "79"]
[EventDate "2015.07.22"]
[EventType "team"]
[EventRounds "9"]
[EventCountry "SRI"]
[WhiteTeam "Dubai, UAE"]
[BlackTeam "Shah Alam, Malaysia"]

1. d4 Nf6 2. c4 c5 3. d5 b5 4. cxb5 a6 5. bxa6 g6 6. Nc3 Bxa6 7. e4 Bxf1 8.
Kxf1 d6 9. g3 Bg7 10. Kg2 Nbd7 11. h3 O-O 12. Nf3 Qa5 13. Re1 Rfb8 14. e5 Nxe5
15. Nxe5 dxe5 16. Rxe5 Rb7 17. Qe2 Rd8 18. Rxe7 Rxe7 19. Qxe7 Qa8 20. Bg5 Rxd5
21. Nxd5 Qxd5+ 22. f3 Qxg5 23. Rd1 h5 24. h4 Qf5 25. Rd8+ Kh7 26. Qe2 Qb1 27.
b3 Ng8 28. Re8 Qf5 29. Qe4 Qf6 30. Rd8 Nh6 31. a4 Qb2+ 32. Rd2 Qxb3 33. a5 Qa3
34. Qa8 Bd4 35. a6 Qa1 36. Qb7 Qb1 37. Kh3 Qh1+ 38. Rh2 Qf1+ 39. Rg2 Kg7 40. a7
 0-1

[Event "ASIAN CITIES CHESS CHAMPIONSHIP 2015"]
[Site "Citrus Hotel , Waskaduwa, Sri Lanka"]
[Date "2015.07.22"]
[Round "1"]
[Board "2"]
[White "Fong, Yit San"]
[Black "Ahmed, Fareed"]
[Result "1/2-1/2"]
[WhiteElo "2091"]
[BlackElo "2052"]
[PlyCount "83"]
[EventDate "2015.07.22"]
[EventType "team"]
[EventRounds "9"]
[EventCountry "SRI"]
[WhiteTeam "Shah Alam, Malaysia"]
[BlackTeam "Dubai, UAE"]

1. e4 e5 2. Nf3 Nc6 3. Bb5 a6 4. Ba4 Nf6 5. O-O Nxe4 6. d4 b5 7. Bb3 d5 8. dxe5
Be6 9. c3 Bc5 10. Nbd2 O-O 11. Bc2 Nxf2 12. Rxf2 f6 13. exf6 Bxf2+ 14. Kxf2
Qxf6 15. Nb3 Ne5 16. Kg1 c6 17. Qe2 Nxf3+ 18. Qxf3 Qxf3 19. gxf3 Bf5 20. Bd1 a5
21. a4 Rf6 22. axb5 cxb5 23. Rxa5 Rg6+ 24. Kf2 Rxa5 25. Nxa5 Bh3 26. Bf4 Rg2+
27. Ke3 Rxb2 28. Bb3 Be6 29. Kd4 Rf2 30. Bxd5 Bxd5 31. Kxd5 Rxf3 32. Be5 g5 33.
Nc6 g4 34. Ke4 Kf7 35. Kd4 h5 36. Bg3 Kf6 37. Ne5 Rf1 38. Ke4 Kg5 39. Nd3 Rf8
40. Be5 Re8 41. Nf4 h4 42. Ne2 1/2-1/2

[Event "ASIAN CITIES CHESS CHAMPIONSHIP 2015"]
[Site "Citrus Hotel , Waskaduwa, Sri Lanka"]
[Date "2015.07.22"]
[Round "1"]
[Board "3"]
[White "Abdulla, Ali"]
[Black "Zulkifli, Muhd Syazwan"]
[Result "0-1"]
[WhiteElo "1781"]
[BlackElo "2070"]
[PlyCount "52"]
[EventDate "2015.07.22"]
[EventType "team"]
[EventRounds "9"]
[EventCountry "SRI"]
[WhiteTeam "Dubai, UAE"]
[BlackTeam "Shah Alam, Malaysia"]

1. d4 Nf6 2. c4 e5 3. dxe5 Ng4 4. Bf4 Nc6 5. Nf3 Bb4+ 6. Nc3 Qe7 7. Qd5 f6 8.
exf6 Nxf6 9. Qd3 d6 10. e3 O-O 11. Be2 Ne4 12. O-O Bxc3 13. bxc3 Kh8 14. Nd4
Nc5 15. Qd2 Ne5 16. f3 Be6 17. Nxe6 Qxe6 18. Qd4 Nc6 19. Qd5 Qf6 20. Rac1 Rae8
21. Bg5 Qg6 22. Bf4 Rxf4 23. exf4 Rxe2 24. g3 Qe8 25. Qf5 g6 26. Qh3 Nd3 0-1

[Event "ASIAN CITIES CHESS CHAMPIONSHIP 2015"]
[Site "Citrus Hotel , Waskaduwa, Sri Lanka"]
[Date "2015.07.22"]
[Round "1"]
[Board "4"]
[White "Johari, Camilia"]
[Black "Ali, Abdulaziz"]
[Result "0-1"]
[WhiteElo "1839"]
[BlackElo "1767"]
[PlyCount "126"]
[EventDate "2015.07.22"]
[EventType "team"]
[EventRounds "9"]
[EventCountry "SRI"]
[WhiteTeam "Shah Alam, Malaysia"]
[BlackTeam "Dubai, UAE"]

1. d4 d5 2. c4 e6 3. Nc3 Be7 4. Nf3 Nf6 5. Bf4 O-O 6. e3 c5 7. dxc5 Bxc5 8. Rc1
dxc4 9. Bxc4 Nc6 10. O-O Nh5 11. Bg5 Be7 12. Bxe7 Qxe7 13. Qd2 Bd7 14. Rfd1
Rfd8 15. a3 Be8 16. b4 Rac8 17. Ne4 Nf6 18. Bd3 Nd5 19. Qb2 h6 20. Bb1 Nb6 21.
Nc5 g6 22. Ba2 Nd5 23. Bxd5 exd5 24. Rd2 Na5 25. bxa5 Rxc5 26. Rxc5 Qxc5 27. h3
Qxa5 28. Qxb7 Qxa3 29. Rxd5 Rxd5 30. Qxd5 a5 31. Ne5 Qc1+ 32. Kh2 Qc7 33. g3
Qc2 34. Kg2 a4 35. Qa8 Kf8 36. Nf3 Qc6 37. Qa5 Qb5 38. Qxb5 Bxb5 39. Nd4 a3 40.
Nc2 a2 41. Kf3 Bd3 42. Na1 Ke7 43. e4 Ke6 44. Ke3 Bb1 45. f4 Kd6 46. Kd4 Ke6
47. h4 f6 48. Nb3 Bc2 49. Na1 Bd1 50. Kc3 Bf3 51. Kd4 Kd6 52. Nb3 Kc6 53. e5
fxe5+ 54. fxe5 Kb5 55. Na1 Kb4 56. e6 Be2 57. e7 Bb5 58. g4 g5 59. h5 Be8 60.
Kd3 Kc5 61. Kc2 Kd6 62. Kb2 Kxe7 63. Kxa2 Bf7+ 0-1

[Event "ASIAN CITIES CHESS CHAMPIONSHIP 2015"]
[Site "Citrus Hotel , Waskaduwa, Sri Lanka"]
[Date "2015.07.22"]
[Round "1"]
[Board "1"]
[White "Weerawardane, Romesh"]
[Black "Yang, Ching Wei"]
[Result "1/2-1/2"]
[WhiteElo "2110"]
[BlackElo "2021"]
[PlyCount "63"]
[EventDate "2015.07.22"]
[EventType "team"]
[EventRounds "9"]
[EventCountry "SRI"]
[WhiteTeam "Colombo, Sri Lanka"]
[BlackTeam "Taipei, Chinese Taipei"]

1. c4 c5 2. Nf3 Nf6 3. d4 cxd4 4. Nxd4 Nc6 5. Nc3 g6 6. g3 Bg7 7. Bg2 O-O 8.
O-O Qb6 9. Nb3 d6 10. Be3 Qb4 11. c5 Be6 12. cxd6 Rfd8 13. Nd4 Nxd4 14. Qxd4
Qxd4 15. Bxd4 Rxd6 16. Rfd1 Ne8 17. Bc5 Rxd1+ 18. Rxd1 Rc8 19. Bxe7 Bxc3 20.
bxc3 Rxc3 21. a3 b6 22. h4 f5 23. Bd5 Kf7 24. Bb4 Rc7 25. Bg2 a5 26. Be1 Nf6
27. Rb1 Nd7 28. Bf1 a4 29. f3 Bb3 30. Bb4 Ke6 31. Re1 Nf6 32. Bh3 1/2-1/2

[Event "ASIAN CITIES CHESS CHAMPIONSHIP 2015"]
[Site "Citrus Hotel , Waskaduwa, Sri Lanka"]
[Date "2015.07.22"]
[Round "1"]
[Board "2"]
[White "Min, Po-Yen"]
[Black "Edirisinghe, Dulan"]
[Result "0-1"]
[WhiteElo "1686"]
[BlackElo "2051"]
[PlyCount "58"]
[EventDate "2015.07.22"]
[EventType "team"]
[EventRounds "9"]
[EventCountry "SRI"]
[WhiteTeam "Taipei, Chinese Taipei"]
[BlackTeam "Colombo, Sri Lanka"]

1. d4 Nf6 2. c4 g6 3. Nc3 Bg7 4. e4 d6 5. Nge2 O-O 6. Ng3 c5 7. d5 e6 8. Be2
exd5 9. cxd5 Re8 10. Bf4 h5 11. h4 Na6 12. Qd2 Nc7 13. f3 a6 14. a4 Rb8 15. a5
b5 16. axb6 Rxb6 17. Nf1 Nb5 18. Na4 Rb7 19. Ra2 Rbe7 20. Ne3 Nxe4 21. fxe4
Rxe4 22. Bxb5 axb5 23. O-O Bd4 24. Ra3 bxa4 25. g3 Qb6 26. Rf2 Qb4 27. Qc1 Bb7
28. Bxd6 Rxe3 29. Rxe3 Bxe3 0-1

[Event "ASIAN CITIES CHESS CHAMPIONSHIP 2015"]
[Site "Citrus Hotel , Waskaduwa, Sri Lanka"]
[Date "2015.07.22"]
[Round "1"]
[Board "3"]
[White "Galappaththi, Chinthaka Anurud"]
[Black "Liu, Yeh Yang"]
[Result "0-1"]
[WhiteElo "2098"]
[BlackElo "1945"]
[PlyCount "86"]
[EventDate "2015.07.22"]
[EventType "team"]
[EventRounds "9"]
[EventCountry "SRI"]
[WhiteTeam "Colombo, Sri Lanka"]
[BlackTeam "Taipei, Chinese Taipei"]

1. d4 c5 2. d5 Nf6 3. c4 b5 4. cxb5 a6 5. b6 Qxb6 6. Nc3 d6 7. Nf3 g6 8. Nd2
Bg7 9. e4 O-O 10. Bd3 Nbd7 11. Nc4 Qc7 12. O-O Nb6 13. Ne3 Rb8 14. a4 c4 15.
Be2 a5 16. Nc2 Bd7 17. Be3 Rfc8 18. Nd4 Qb7 19. f3 Ne8 20. Qd2 Nc7 21. Bg5 Qa7
22. Be3 Na6 23. Ncb5 Qb7 24. Nc6 Bxc6 25. dxc6 Rxc6 26. Nd4 Rc5 27. f4 Qxe4 28.
Bf3 Qd3 29. Qxd3 cxd3 30. Nc6 Rxc6 31. Bxc6 Nb4 32. Bxb6 Nxc6 33. Bf2 Rxb2 34.
Rac1 Rc2 35. Rfd1 e5 36. Kf1 e4 37. Be3 Nb4 38. Rxc2 Nxc2 39. Kf2 Bc3 40. Rc1
Bb4 41. g4 d5 42. f5 d4 43. Bh6 e3+ 0-1

[Event "ASIAN CITIES CHESS CHAMPIONSHIP 2015"]
[Site "Citrus Hotel , Waskaduwa, Sri Lanka"]
[Date "2015.07.22"]
[Round "1"]
[Board "4"]
[White "Yang, Sung-Jui"]
[Black "Priyankara, Chamil"]
[Result "0-1"]
[WhiteElo "1626"]
[BlackElo "2018"]
[PlyCount "37"]
[EventDate "2015.07.22"]
[EventType "team"]
[EventRounds "9"]
[EventCountry "SRI"]
[WhiteTeam "Taipei, Chinese Taipei"]
[BlackTeam "Colombo, Sri Lanka"]

1. d4 Nf6 2. Bg5 Ne4 3. Bf4 c5 4. d5 Qb6 5. Bc1 g6 6. f3 Nf6 7. e4 d6 8. Ne2
Bg7 9. Nec3 O-O 10. a4 e6 11. a5 Qd8 12. Bg5 h6 13. Bh4 g5 14. Bf2 exd5 15.
exd5 b6 16. Be2 Ba6 17. O-O Nh5 18. Bxa6 Nxa6 19. Na3 {Poor Recording} 0-1